<?xml version="1.0" encoding="UTF-8"?>
<record
    xmlns:xsi="http://www.w3.org/2001/XMLSchema-instance"
    xsi:schemaLocation="http://www.loc.gov/MARC21/slim http://www.loc.gov/standards/marcxml/schema/MARC21slim.xsd"
    xmlns="http://www.loc.gov/MARC21/slim">

  <leader>00917nam a2200229  a4500</leader>
  <datafield tag="952" ind1=" " ind2=" ">
    <subfield code="0">0</subfield>
    <subfield code="1">0</subfield>
    <subfield code="4">0</subfield>
    <subfield code="7">0</subfield>
    <subfield code="a">03</subfield>
    <subfield code="b">03</subfield>
    <subfield code="d">2015-06-20</subfield>
    <subfield code="l">3</subfield>
    <subfield code="o">KGF745 M44 2005</subfield>
    <subfield code="p">03 007776</subfield>
    <subfield code="r">2016-08-10</subfield>
    <subfield code="s">2016-08-09</subfield>
    <subfield code="t">1</subfield>
    <subfield code="w">2015-06-20</subfield>
    <subfield code="y">LB</subfield>
  </datafield>
  <datafield tag="999" ind1=" " ind2=" ">
    <subfield code="c">96989</subfield>
    <subfield code="d">96989</subfield>
  </datafield>
  <controlfield tag="008">150620t20052015mx ||||| |||| 00| 0 spa d</controlfield>
  <datafield tag="050" ind1=" " ind2=" ">
    <subfield code="a">KGF745 </subfield>
    <subfield code="b">M44 2005</subfield>
  </datafield>
  <datafield tag="100" ind1="1" ind2=" ">
    <subfield code="a">M&#xE9;jan, Luis Manuel</subfield>
    <subfield code="e">autor</subfield>
  </datafield>
  <datafield tag="245" ind1=" " ind2=" ">
    <subfield code="a">Obligaciones civiles</subfield>
    <subfield code="b"> : Ayuda de memoria</subfield>
    <subfield code="c"> / Luis Manuel Mej&#xE1;n</subfield>
  </datafield>
  <datafield tag="260" ind1=" " ind2=" ">
    <subfield code="a">M&#xE9;xico</subfield>
    <subfield code="b"> : Oxford</subfield>
    <subfield code="c">, 2005</subfield>
  </datafield>
  <datafield tag="300" ind1=" " ind2=" ">
    <subfield code="a">xix, 298 p&#xE1;ginas</subfield>
  </datafield>
  <datafield tag="336" ind1=" " ind2=" ">
    <subfield code="a">texto</subfield>
  </datafield>
  <datafield tag="337" ind1=" " ind2=" ">
    <subfield code="a">sin medio</subfield>
  </datafield>
  <datafield tag="338" ind1=" " ind2=" ">
    <subfield code="a">volumen</subfield>
  </datafield>
  <datafield tag="500" ind1=" " ind2=" ">
    <subfield code="a">Incluye: Ind&#xED;ce anal&#xED;tico (pp.295-298)</subfield>
  </datafield>
  <datafield tag="504" ind1=" " ind2=" ">
    <subfield code="a">Incluye: bibliograf&#xED;a (p.293)</subfield>
  </datafield>
  <datafield tag="505" ind1=" " ind2=" ">
    <subfield code="a">Introducci&#xF3;n
Fuentes de las obligaciones
Modalidades y complejidades de las obligaciones
Trasmisi&#xF3;n de las obligaciones
Protecci&#xF3;n del derecho del acreedor
Extinsi&#xF3;n de las obligaciones  </subfield>
  </datafield>
  <datafield tag="519" ind1=" " ind2=" ">
    <subfield code="a">Plan Flexible / </subfield>
    <subfield code="b">Derecho / </subfield>
    <subfield code="c">Derecho Civil (P12-2) / 
</subfield>
    <subfield code="d">(03 007776)
</subfield>
  </datafield>
  <datafield tag="650" ind1=" " ind2=" ">
    <subfield code="a">DERECHO CIVIL</subfield>
    <subfield code="z">MEXICO</subfield>
  </datafield>
  <datafield tag="650" ind1=" " ind2=" ">
    <subfield code="a">OBLIGACIONES (DERECHO)</subfield>
    <subfield code="z">MEXICO</subfield>
  </datafield>
  <datafield tag="942" ind1=" " ind2=" ">
    <subfield code="c">LB</subfield>
  </datafield>
</record>
